Movies Quiz

Random Movies Quiz

Movie Monster Mania Quiz Stats

 Plays Quiz Updated Aug 13, 2018

Challenge
Share
Tweet
Score 0/30 Timer 06:00
11 Plays Today
% Correct
Godzilla
94.8%
Freddy Krueger
89.8%
Jaws
88.5%
Count Dracula
87.8%
Frankenstein's Monster
86.7%
Chucky
85.7%
The Mummy
83.1%
Jason Voorhees
80.4%
King Kong
77.5%
Predator
75.4%
Hannibal Lecter
75.1%
Pennywise
73.1%
Xenomorph
72.5%
Michael Myers
66.3%
Sulley (&Boo!)
61.1%
% Correct
Gremlin
54.1%
Wolfman
54%
Flying Monkey
53.8%
Stay-Puft Marshmallow Man
53.2%
Medusa
50.2%
Norman Bates
49.1%
Count Orlok
48.8%
HAL 9000
43.1%
Creature from the Black Lagoon
42%
The Fly
37.9%
Balrog
33.1%
Ghostface
33%
Swamp Thing
31.6%
Rancor
24.1%
The Thing (From Another World)
11.4%

You're not logged in!

Compare scores with friends on all Sporcle quizzes.
OR
Log In

You Might Also Like...

Show Comments

Extras

Top Quizzes Today


Score Distribution

Your Account Isn't Verified!

In order to create a playlist on Sporcle, you need to verify the email address you used during registration. Go to your Sporcle Settings to finish the process.

Report this User

Report this user for behavior that violates our Community Guidelines.

Details: